000 00754ngm a2200241 a 4500
005 20220316235755.0
008 121119q20002009ck --- g s00 vuspa
020 _a9580802793
041 0 _aspa
082 0 4 _a599.77
_bP27
245 0 3 _aEl perro
_hvideograbación
250 _aPrimera edición
300 _a1 videocasete
650 1 4 _aPerros
_xHábitos y conducta
_vVideocasetes
_2LEMB
650 1 4 _aAlimentos para perros
_xHábitos y conducta
_vVideocasetes
_2LEMB
650 1 4 _aRazas de perros
_2LEMB
942 _2ddc
_cVIDEOCASET
264 _aBogotá
_bCírculo de Lectores
_c[200-?]
336 _atexto
_btxt
_2rdacontent
337 _asin mediación
_bn
_2rdamedia
338 _avolumen
_bnc
_2rdacarrier
040 _aCO-BoRNBP
_bspa
_erda
_cCO-BoRNBP
999 _c2110
_d2110